| 000 | 00584nam a2200193 a 4500 | ||
|---|---|---|---|
| 005 | 20240925064541.0 | ||
| 008 | 080218s2000 mx r 000 0 spa d | ||
| 020 | _a9682461642 | ||
| 035 | _aUPN01000154247 | ||
| 049 | _aCG | ||
| 050 | 4 |
_aLB1062 _bM2.2 |
|
| 100 | 1 | _aMacías Narro, Alfredo | |
| 245 | 1 | 0 |
_aDéjame creativarte : _bmanual de autoaprendizaje de la creatividad para adultos / _cAlfreso Macías Narro. |
| 260 |
_aMéxico : _bTrillas, _cc2000. |
||
| 300 | _a105 p. | ||
| 650 | 4 |
_aPensamiento creativo (Educación) _95414 |
|
| 650 | 4 |
_aCognición _96446 |
|
| 905 | _aLibro | ||
| 999 |
_c126364 _d126364 |
||